000 00385 a2200145 4500
999 _c5631
_d5631
020 _a9780198060666
050 _aTK5103.2DAL2009
100 _aDalal, Upena
245 _aWireless communication /
_cUpena Dalal
264 _aOxford
_bOxford University Press
_c2009
300 _a772p.
500 _aIncludes index
650 _aWireless communication
942 _2lcc
_cBK
_h5103.2
_iDAL
_kTK